000 00279nam a2200121Ia 4500
008 190216s9999||||xx |||||||||||||| ||und||
100 _aNull
245 0 _a"Central Excise Tariff Act,1985"
260 _bEastern Book Co
_c1987
300 _a260p
650 _aCommerce
942 _cBK
999 _c5869
_d5869